000 00925nas a2200289 4500
001 BR0810386
003 BR-BrBNA
005 20231205112920.0
007 ta
008 230509b bl.|||p| |||| 00| 00por d
040 _aBR-BrBNA
_bpor
_cBiblioteca Nacional de Agricultura
041 _a(Pt)
072 _aA01; B10; C30
100 1 _aVieira, T.G.C
100 1 _aAlves, H.M.R.
100 1 _aVolpato, M.C.O. de
100 1 _aBernardes, T.
245 1 _aSistema de geoinformação para a cafeicultura do Sul de Minas Gerais
650 _aGEOGRAFIA
650 _aSISTEMA DE INFORMAÇÃO
650 _aPRODUÇÃO AGRÍCOLA
650 _aCAFÉ
650 _aSENSORIAMENTO REMOTO
773 0 _tInforme Agropecuário - Empresa de Pesquisa Agropecuária de Minas Gerais (Brazil)
_xISSN 0100-3364
_g(Nov-Dez 2007), v. 28 (241) p. 16-26
_wBR0810386
909 _a202311
_bLúcia
_c55
_dLúcia Elande
942 _2AGRIS
_n0
_cANA
999 _c200768
_d200768